| 000 | 00391cam a2200145ua 4500 | ||
|---|---|---|---|
| 041 |
_amal _h |
||
| 082 |
_a494.8123 _bNAR/PA |
||
| 100 | _aNarayana Pillai, M R . | ||
| 245 |
_aParyaya nanartha manjari / _cM R Narayana Pillai. _hTextual Documents |
||
| 260 |
_aKottayam : _bSahitya Pravarthaka Co-operative Society. |
||
| 300 | _a221 ; . | ||
| 504 | _a | ||
| 942 | _cBK | ||
| 999 |
_c4518 _d4518 |
||